LEADER 00933nam a2200193 4500 001 000000362786 003 CaOOAMICUS 005 20250512155105.0 008 250512s1903 fr 000 u fre r 040 $aSeMil$bita 245 00$aComment le séminariste doit étudier, allocution prononcé par Mgr... dans la chapelle du grand séminaire, le 21 novembre 1903. 264 1$aRouen :$bImprimerie Mégard & Cie,$c1903. 300 $a14 p. ;$c23 cm 700 1 $aRouen .$0(OLS)http://semarc/name/68059 850 $aSeMil 852 $aSeMil$W1$xVenegono$y1$m5A VIII 10/22$j256781$B253686$CSeMilBibl$Z2$F253686 $86 996 $6245$aComment le séminariste doit étudier, allocution prononcé par Mgr... dans la chapelle du grand séminaire, le 21 novembre 1903$9(OLS)http://semarc/title/453757 996 $6264$aRouen :$bImprimerie Mégard & Cie$9(OLS)http://semarc/publisher/49835 LEADER 01021nam a2200265 i 4500 001 000000344594 003 CaOOAMICUS 005 20210305151526.0 008 210301s1981 it o u001 u ita u 013 $a130426 040 $aSeMil$bita 245 00$aFra lago e monte. 260 $a[Lecco] :$bBanca popolare di Lecco,$cStampa 1981$e(Lecco :$fGrafiche Stefanoni,$gStampa 1981) 300 $a239 p. :$bIn gran parte ill. ;$ccm. 21x21 490 0 $aItinerari lecchesi 541 $aFondo mons. Pasquale Macchi 83P I 319) 650 4$aLecco .$0(OLS)http://semarc/subject/1203 830 0$aItinerari lecchesi.$0(OLS)http://semarc/title/21698 850 $aSeMil 852 $aSeMil$W1$xVenegono$y1$m3P I 319$j224754$B235645$CSeMilBibl$Z2$F235645 $81 941 1 $a8 961 $aFondo mons. Pasquale Macchi 996 $6245$aFra lago e monte$9(OLS)http://semarc/title/433639 996 $6260$a[Lecco] :$bBanca popolare di Lecco$9(OLS)http://semarc/publisher/32020 LEADER 01379nam a2200289 i 4500 001 000000031545 003 CaOOAMICUS 005 20220331114531.0 008 180830s1950 it u000 u ita u 040 $aSeMil$bita 245 00$aCarteggio Marx-Engels /$ctraduzione di Mario Alighiero Manacorda. 264 1$aRoma :$bRinascita,$c1950-1953. 300 $a6 v. ;$c22 cm. 650 4$aEngels, Friedrich <1820-1895> - Lettere e carteggi - Carteggio con K. Marx.$0(OLS)http://semarc/subject/5064 650 4$aMarx, Karl <1818-1883> - Lettere e carteggi - Carteggio con F. Engels.$0(OLS)http://semarc/subject/5065 700 1 $aEngels, Friedrich,$d<1820-1895>.$0(OLS)http://semarc/name/540 700 1 $aManacorda, Mario Alighiero,$d<1914-2013>.$0(OLS)http://semarc/name/14541 700 1 $aMarx, Karl,$d<1818-1883>.$0(OLS)http://semarc/name/539 774 0 $t1844-1851.$kClassici del Marxismo$w()239485 774 0 $t1852-1856.$kClassici del Marxismo$w()239486 774 0 $t1857-1860.$kClassici del Marxismo$w()239487 774 0 $t1861-1866.$kClassici del Marxismo$w()239488 774 0 $t1867-1869.$kClassici del Marxismo$w()239489 774 0 $t1870-1883.$kClassici del Marxismo$w()239490 996 $6245$aCarteggio Marx-Engels$9(OLS)http://semarc/title/42843 996 $6264$aRoma :$bRinascita$9(OLS)http://semarc/publisher/35227